00856nam a2200217Ia 4500001000700000008004100007020001800048035001500066041000800081084001300089110003800102245022200140260008800362300002100450650002000471650000700491650002300498650002500521650002500546710006700571007803221003s1998 xx 000 0 spa d a92-828-2983-9 aCENDO_4658 aspa aCD-01943 aCOMUNIDADES EUROPEAS.bComisión 0aEuro 1999 :binforme sobre la convergencia y correspondiente recomendación con vistas a la transición a la tercera fase de la unión económica y monetaria : primera parte : recomendación /cComisión Europea aLuxemburgo :bOficina de Publicaciones Oficiales de las Comunidades Europeas,c1998 a59 p. ;c 25 cm aUNION MONETARIA aCE aPOLITICA MONETARIA aPOLITICA COMUNITARIA aDESARROLLO ECONOMICO aCOMUNIDADES EUROPEASbOficina de Publicaciones Oficiales,eed.